Modulo I Comunicaȧo nas Organizaȯes (Record no. 2196)

MARC details
000 -Etiqueta do registo
Campo de controlo de comprimento fixo 00478 a2200157 4500
020 ## - ISBN (NÚMERO DE LIVRO PADRÃO INTERNACIONAL)
ISBN N/S
040 ## - Fonte de Catalogação
Agência de catalogação Biblioteca Geral- Universidade Lusíada de Angola
082 ## - DEWEY DECIMAL CLASSIFICATION NUMBER
Classificador- CDU 658.3
Número de classificação 658.3
100 ## - Nome Pessoal
9 (RLIN) 1021
Autor Gama ,Manuel Martins Kidito da
245 ## - Declaração de Título
Título Modulo I Comunicaȧo nas Organizaȯes
260 ## - Publicação e Destribuíção
Local de edição/distribuição Luanda
Editor/distribuidor Universidade Lusiada
Data de edição/distribuição sem data
300 ## - Descrição Física
Nº Pág. 83p
650 ## - MATERIA
MATERIA Gestao de Recursos Humanos
670 ## - Acceso eletrónico
Acceso electrónico <a href="https://drive.google.com/file/d/1qX4hTH9vB1l_LdeQJUFeEDVLhNPLS3LT/view?usp=sharing">https://drive.google.com/file/d/1qX4hTH9vB1l_LdeQJUFeEDVLhNPLS3LT/view?usp=sharing</a>
942 ## - - Elementos de entrada adicionados (koha)
Tipo de documento Livros eletrônicos
Holdings
Withdrawn status Lost status Source of classification or shelving scheme Damaged status Not for loan Permanent Location Current Location Date acquired Inventory number Total Checkouts Full call number Barcode Date last seen Uniform Resource Identifier Price effective from Koha item type
    Dewey Decimal Classification     Biblioteca Geral- Universidade Lusíada de Angola Biblioteca Geral- Universidade Lusíada de Angola 15/04/2026 13(1)   658.3 2026-0117 15/04/2026 https://drive.google.com/file/d/1qX4hTH9vB1l_LdeQJUFeEDVLhNPLS3LT/view?usp=sharing 15/04/2026 Livros eletrônicos